[Event "Stuttgarter Stadtmeisterschaft A-Turnie"]
[Site "Ditzingen"]
[Date "2009.05.21"]
[Round "1.28"]
[White "Paschmann, Stefan"]
[Black "Heinl, Thomas"]
[Result "0-1"]
[WhiteElo "1961"]
[BlackElo "2204"]
[PlyCount "145"]
[EventDate "2009.??.??"]

1. d4 g6 2. Nf3 Bg7 3. Nc3 Nf6 4. e4 d6 5. Be3 O-O 6. Qd2 c6 7. Bd3 Bg4 8. Ng5
e5 9. dxe5 dxe5 10. h3 Bc8 11. O-O Qe7 12. Rfd1 Nbd7 13. Bc4 b5 14. Bb3 a5 15.
a3 Bb7 16. Qd6 Qxd6 17. Rxd6 h6 18. Nxf7 Rxf7 19. Rad1 Nf8 20. Bxh6 b4 21. axb4
axb4 22. Ne2 c5 23. f3 Ba6 24. Bxf7+ Kxf7 25. Bxg7 Bxe2 26. Rxf6+ Kxg7 27. Rdd6
Ra2 28. Kf2 Bc4 29. Ke1 Rxb2 30. Kd1 Rb1+ 31. Kd2 Rf1 32. Rxf8 Kxf8 33. Rxg6
Rf2+ 34. Kc1 Bf1 35. Rg5 Bxg2 36. Rxe5 c4 37. Rb5 Rf1+ 38. Kb2 c3+ 39. Kb3 Rb1+
40. Ka4 Rb2 41. Rxb4 Rxc2 42. Kb3 Rf2 43. Kxc3 Bxh3 44. Rb3 Be6 45. Rb6 Ke7 46.
Kd4 Rxf3 47. Ke5 Bd7 48. Rh6 Be8 49. Re6+ Kf7 50. Rb6 Rd3 51. Rd6 Ra3 52. Rf6+
Kg7 53. Rb6 Bg6 54. Rb7+ Kh6 55. Rb4 Kg5 56. Kd4 Kf4 57. Rb8 Bxe4 58. Rf8+ Bf5
59. Kc5 Ke5 60. Re8+ Be6 61. Kb4 Ra1 62. Kc3 Kd5 63. Rd8+ Kc5 64. Rh8 Ra3+ 65.
Kd2 Bd5 66. Rb8 Rg3 67. Ke2 Kd4 68. Kf2 Rh3 69. Ke2 Ke5 70. Kd2 Be4 71. Ke2 Kd4
72. Kf2 Rh2+ 73. Kg3 {Rest unleserlich, 1:0 84.Zug} 0-1

[Event "Stuttgarter Stadtmeisterschaft A-Turnie"]
[Site "Ditzingen"]
[Date "2009.05.21"]
[Round "1.29"]
[White "Wenner, Tobias"]
[Black "Tiemann, Tobias"]
[Result "1/2-1/2"]
[WhiteElo "2202"]
[BlackElo "1960"]
[PlyCount "55"]
[EventDate "2009.??.??"]

1. Nf3 d5 2. c4 e6 3. g3 c6 4. b3 Nf6 5. Bg2 Nbd7 6. Bb2 Be7 7. O-O O-O 8. d4
b6 9. Nbd2 Bb7 10. Qc2 Rc8 11. Rac1 c5 12. cxd5 cxd4 13. Qb1 Bxd5 14. Bxd4 h6
15. b4 Rxc1 16. Rxc1 Qa8 17. Qb2 Rc8 18. Rxc8+ Qxc8 19. e4 Bb7 20. Ne1 Ne8 21.
Nd3 Bf6 22. e5 Be7 23. Ne4 Qc4 24. Nd6 Bxd6 25. Bxb7 Qxd3 26. Bc6 Bxe5 27. Bxe5
Nxe5 28. Qxe5 1/2-1/2

[Event "Stuttgarter Stadtmeisterschaft A-Turnie"]
[Site "Ditzingen"]
[Date "2009.05.21"]
[Round "1.30"]
[White "Kaplunov, Vadym"]
[Black "Schulte, Torsten"]
[Result "1/2-1/2"]
[WhiteElo "1953"]
[BlackElo "2201"]
[PlyCount "61"]
[EventDate "2009.??.??"]

1. c4 c5 2. Nc3 Nf6 3. g3 d5 4. cxd5 Nxd5 5. Bg2 Nc7 6. Nf3 Nc6 7. d3 e5 8. O-O
Be7 9. b3 O-O 10. Bb2 f6 11. Qd2 Be6 12. Rfd1 Qd7 13. Rac1 Rac8 14. Ba1 Rfd8
15. Ne4 b6 16. Qb2 Nd5 17. Nc3 Bf8 18. Nxd5 Bxd5 19. Rd2 g6 20. Rcd1 Bh6 21. e3
Be6 22. Ne1 Qe7 23. h3 Nb4 24. Kh2 Rd6 25. Nc2 Nd5 26. f4 exf4 27. exf4 Bg7 28.
Re1 Qf7 29. Qa3 Rcd8 30. d4 cxd4 31. Nxd4 1/2-1/2

[Event "Stuttgarter Stadtmeisterschaft A-Turnie"]
[Site "Ditzingen"]
[Date "2009.05.21"]
[Round "1.31"]
[White "Vaysberg, Alexander"]
[Black "Jehle, Anja"]
[Result "1-0"]
[WhiteElo "2190"]
[BlackElo "1950"]
[PlyCount "67"]
[EventDate "2009.??.??"]

1. e4 c5 2. Nf3 d6 3. d4 cxd4 4. Nxd4 Nf6 5. Nc3 a6 6. Bg5 e6 7. f4 Be7 8. Qf3
Qc7 9. O-O-O h6 10. Bh4 Nxe4 11. Qxe4 Bxh4 12. Nf5 Be7 13. Nxg7+ Kf8 14. Nh5
Nc6 15. g4 Qa5 16. Kb1 d5 17. Qf3 Rg8 18. Be2 Bd7 19. f5 d4 20. Ne4 Qe5 21.
Rhf1 Rc8 22. Bc4 b5 23. Bb3 exf5 24. Rde1 Qc7 25. Nef6 Bxf6 26. Nxf6 Rg6 27.
Nxd7+ Qxd7 28. gxf5 Rg5 29. Be6 Qc7 30. Bxc8 Qxc8 31. Qh3 h5 32. Qf3 Nb4 33.
Qe2 Rxf5 34. Qe7+ 1-0

[Event "Stuttgarter Stadtmeisterschaft A-Turnie"]
[Site "Ditzingen"]
[Date "2009.05.21"]
[Round "1.32"]
[White "Hoffmann, Ekkehard"]
[Black "Germer, Philipp"]
[Result "0-1"]
[WhiteElo "1947"]
[BlackElo "2177"]
[PlyCount "86"]
[EventDate "2009.??.??"]

1. e4 e6 2. d4 d5 3. exd5 exd5 4. Nc3 c6 5. Bf4 Ne7 6. Bd3 Ng6 7. Bg3 Qb6 8.
Nge2 Qxb2 9. O-O Be7 10. Re1 O-O 11. Rb1 Qa3 12. Rb3 Qa5 13. Nf4 Bb4 14. Re3
Nd7 15. Nce2 Bd2 16. Rf3 Bxf4 17. Nxf4 Re8 18. Re3 Rxe3 19. fxe3 Nf6 20. c4
Qxa2 21. cxd5 cxd5 22. Bb1 Qa6 23. Qc2 Bd7 24. Rc3 Re8 25. Rc7 Bc6 26. Nxg6
hxg6 27. Be5 Ne4 28. Qd1 Qa5 29. Bxe4 dxe4 30. Qf1 Qd5 31. Qf4 a5 32. h4 Qe6
33. h5 Qf5 34. Qg3 Qxh5 35. Qf2 Qf5 36. Qa2 a4 37. Qa3 Qe6 38. Qc5 Qb3 39. d5
Rxe5 40. Rc8+ Re8 41. Rxe8+ Bxe8 42. Qc8 Qb5 43. d6 a3 0-1

[Event "Stuttgarter Stadtmeisterschaft A-Turnie"]
[Site "Ditzingen"]
[Date "2009.05.21"]
[Round "1.33"]
[White "Jovalekic, Oliver"]
[Black "Schmid, Eugen"]
[Result "1-0"]
[WhiteElo "2175"]
[BlackElo "1944"]
[PlyCount "105"]
[EventDate "2009.??.??"]

1. e4 e6 2. d4 d5 3. Nc3 Nf6 4. e5 Nfd7 5. f4 c5 6. Nf3 Nc6 7. Be3 a6 8. Qd2
cxd4 9. Nxd4 Bc5 10. O-O-O Qc7 11. h4 Nxd4 12. Bxd4 Bxd4 13. Qxd4 Qc5 14. Ne2
b5 15. Rh3 b4 16. Kb1 a5 17. Qd2 Ba6 18. Rg3 O-O 19. f5 Rfe8 20. Qg5 Qf8 21.
Nf4 Kh8 22. fxe6 fxe6 23. Bxa6 Rxa6 24. Nh5 Re7 25. Rf3 Qe8 26. g4 Ra8 27. Rdf1
Rc8 28. Qf4 h6 29. b3 Qg6 30. R1f2 Rf8 31. Qg3 Rxf3 32. Rxf3 Qe4 33. Re3 Qd4
34. Rd3 Qxe5 35. Nf4 Kh7 36. Re3 Qd4 37. Nxe6 Qd1+ 38. Kb2 Nc5 39. Nf8+ Kg8 40.
Rxe7 Qd4+ 41. Kc1 Qa1+ 42. Kd2 Kxf8 43. Qe5 Ne4+ 44. Ke2 Nc3+ 45. Kf2 Ne4+ 46.
Kg2 Qxe5 47. Rxe5 Nc3 48. Kf3 Kf7 49. Kf4 Kf6 50. g5+ hxg5+ 51. hxg5+ Kf7 52.
Kf5 g6+ 53. Kf4 1-0

[Event "Stuttgarter Stadtmeisterschaft A-Turnie"]
[Site "Ditzingen"]
[Date "2009.05.21"]
[Round "1.34"]
[White "Lebeda, Timo"]
[Black "Höschele, Hans-Ulrich"]
[Result "1-0"]
[WhiteElo "1942"]
[BlackElo "2174"]
[PlyCount "83"]
[EventDate "2009.??.??"]

1. c4 e5 2. Nf3 d6 3. d4 Nd7 4. Nc3 c6 5. g3 Ngf6 6. Bg2 Be7 7. O-O O-O 8. b4
e4 9. Nd2 d5 10. b5 Re8 11. Qb3 Nf8 12. Rd1 Ne6 13. Nf1 Nc7 14. a4 dxc4 15. Qc2
Bf5 16. bxc6 bxc6 17. Ne3 Bg6 18. Nxe4 Nfd5 19. Qxc4 Nb4 20. Nc5 Rb8 21. Ba3
Ncd5 22. Nxd5 cxd5 23. Qc3 Nc2 24. Ra2 Nxa3 25. Rxa3 Be4 26. Rb3 Bxg2 27. Kxg2
Rb6 28. e3 Qc8 29. Rdb1 Rh6 30. h4 g5 31. Nd3 Qf5 32. Rb8 Rxb8 33. Rxb8+ Kg7
34. Qc8 Qxc8 35. Rxc8 Ra6 36. Rc7 Kf8 37. hxg5 Rxa4 38. f4 a5 39. Ne5 Ra1 40.
Nc6 a4 41. Nxe7 a3 42. Nxd5 1-0

[Event "Stuttgarter Stadtmeisterschaft A-Turnie"]
[Site "Ditzingen"]
[Date "2009.05.21"]
[Round "1.35"]
[White "Kunze, Holger"]
[Black "Podbicanin, Abaz"]
[Result "1-0"]
[WhiteElo "2174"]
[BlackElo "1941"]
[PlyCount "99"]
[EventDate "2009.??.??"]

1. d4 Nf6 2. Nf3 e6 3. c4 Be7 4. Nc3 O-O 5. e4 d6 6. Be2 b6 7. O-O Bb7 8. Qc2
h6 9. Rd1 Nh7 10. d5 e5 11. Be3 Bc8 12. b4 Nd7 13. Na4 Ndf6 14. h3 Bd7 15. Nd2
Ng5 16. Nc3 Qc8 17. Qd3 Ne8 18. c5 f5 19. Bxg5 fxe4 20. Ndxe4 Bxg5 21. cxd6
cxd6 22. Nxg5 hxg5 23. Ne4 Bf5 24. Rac1 Qd8 25. Qe3 Bxe4 26. Qxe4 Rf4 27. Qb1
Qf6 28. Rf1 Qf5 29. Qxf5 Rxf5 30. g3 Rf7 31. Rc6 Rd8 32. Bg4 Kf8 33. Rfc1 g6
34. Be6 Re7 35. R1c3 Kg7 36. Kg2 Kf6 37. Rf3+ Kg7 38. Ra3 Kf6 39. Rac3 Kg7 40.
Kf3 Kf6 41. Ke4 Kg7 42. Kf3 Kf6 43. Kg4 Ng7 44. Rf3+ Nf5 45. Bxf5 gxf5+ 46.
Rxf5+ Kg7 47. Rxg5+ Kh6 48. h4 Rf7 49. f3 Rf6 50. Rxe5 1-0

[Event "Stuttgarter Stadtmeisterschaft A-Turnie"]
[Site "Ditzingen"]
[Date "2009.05.21"]
[Round "1.36"]
[White "Yin, Zixiao"]
[Black "Baumstark, Thomas"]
[Result "0-1"]
[WhiteElo "1932"]
[BlackElo "2163"]
[PlyCount "42"]
[EventDate "2009.??.??"]

1. g3 d5 2. Na3 c6 3. c3 Bf5 4. d3 Nf6 5. Nf3 h6 6. Bg2 e6 7. Nc2 Bd6 8. O-O
O-O 9. Nd2 Nbd7 10. f4 Bc5+ 11. Kh1 Bb6 12. h3 Bh7 13. e4 dxe4 14. Nxe4 Nxe4
15. dxe4 Nc5 16. Qe2 Qd3 17. Qxd3 Nxd3 18. Be3 Nxb2 19. f5 exf5 20. exf5 Rfe8
21. Bxb6 axb6 0-1

[Event "Stuttgarter Stadtmeisterschaft A-Turnie"]
[Site "Ditzingen"]
[Date "2009.05.21"]
[Round "1.37"]
[White "Fiderer, Lukas"]
[Black "Löwe, Joachim"]
[Result "1/2-1/2"]
[WhiteElo "2153"]
[BlackElo "1930"]
[PlyCount "81"]
[EventDate "2009.??.??"]

1. e4 Nf6 2. e5 Nd5 3. c4 Nb6 4. d4 d6 5. exd6 exd6 6. Nc3 Bf5 7. Qf3 Qc8 8.
Nb5 Na6 9. a3 Qe6+ 10. Qe3 c6 11. Nc3 Be7 12. Qxe6 Bxe6 13. b3 Bf6 14. Nge2 Bf5
15. Ra2 O-O 16. Be3 Rfe8 17. Kd2 Rad8 18. h4 h6 19. Ng3 Bh7 20. Nh5 Be7 21. b4
d5 22. c5 Nc4+ 23. Kc1 Nxe3 24. fxe3 g5 25. g3 Bg6 26. Be2 Nc7 27. Kd2 Ne6 28.
Raa1 Ng7 29. Nxg7 Kxg7 30. h5 Bh7 31. Rhf1 Rf8 32. Rf2 f5 33. Raf1 Rf6 34. Bd3
Rdf8 35. Ne2 Bd8 36. Kc3 Be7 37. a4 Bd8 38. Rf3 Be7 39. R3f2 Bd8 40. Rf3 Be7
41. Rb1 1/2-1/2

[Event "Stuttgarter Stadtmeisterschaft A-Turnie"]
[Site "Ditzingen"]
[Date "2009.05.21"]
[Round "1.38"]
[White "Zieher, Andre"]
[Black "Daubenfeld, Gilles"]
[Result "0-1"]
[WhiteElo "1929"]
[BlackElo "2151"]
[PlyCount "80"]
[EventDate "2009.??.??"]

1. f4 Nf6 2. Nf3 g6 3. e3 Bg7 4. d4 c5 5. c3 cxd4 6. exd4 d6 7. Bd3 O-O 8. O-O
Nc6 9. Na3 a6 10. Nc4 b5 11. Ne3 e6 12. Ng5 Bb7 13. Bc2 Ne7 14. Qe1 Rc8 15. Qh4
h6 16. Nf3 Ned5 17. Nxd5 Nxd5 18. Qxd8 Rfxd8 19. Be4 Ba8 20. Bd3 Nb6 21. h3 e5
22. dxe5 dxe5 23. Be2 e4 24. Ne5 Re8 25. Be3 Nd5 26. Bd4 Nxf4 27. Rxf4 Bxe5 28.
Bxe5 Rxe5 29. Rf6 Rc6 30. Rxc6 Bxc6 31. a4 bxa4 32. Bxa6 Rd5 33. Bc4 Rd2 34.
Rf1 Bd5 35. Bxd5 Rxd5 36. Rf2 f5 37. Kf1 Kf7 38. Ke2 Ke6 39. Rf1 Rb5 40. Rb1
Rb3 0-1

[Event "Stuttgarter Stadtmeisterschaft A-Turnie"]
[Site "Ditzingen"]
[Date "2009.05.21"]
[Round "1.39"]
[White "Reck, Moritz"]
[Black "Schlachetzki, Horst"]
[Result "1/2-1/2"]
[WhiteElo "2149"]
[BlackElo "1927"]
[PlyCount "79"]
[EventDate "2009.??.??"]

1. g3 Nf6 2. Bg2 e6 3. Nc3 d5 4. e4 dxe4 5. Qe2 Be7 6. Nxe4 O-O 7. d3 c6 8. h4
Nbd7 9. g4 Nxe4 10. Qxe4 Qa5+ 11. Bd2 Qd5 12. Rh2 Qxe4+ 13. dxe4 Ne5 14. g5 Nc4
15. Bc3 Rd8 16. Bf1 b5 17. Bxc4 bxc4 18. f4 Bb7 19. Nf3 Bd6 20. Be5 Bb4+ 21. c3
Bc5 22. Rd2 Be3 23. Rxd8+ Rxd8 24. Ke2 Bb6 25. Rd1 Rxd1 26. Kxd1 Be3 27. Nd2
Ba6 28. Ke2 Bb6 29. a4 Kf8 30. Bd4 Bxd4 31. cxd4 c3+ 32. Kd1 cxd2 33. Kxd2 Ke7
34. e5 Kd7 35. Kc3 Kc7 36. Kb4 Be2 37. a5 a6 38. Kc5 Bb5 39. Kb4 Bd3 40. Kc5
1/2-1/2

[Event "Stuttgarter Stadtmeisterschaft A-Turnie"]
[Site "Ditzingen"]
[Date "2009.05.21"]
[Round "1.40"]
[White "White, Herbert"]
[Black "Gabriel, Josef"]
[Result "0-1"]
[WhiteElo "1923"]
[BlackElo "2121"]
[PlyCount "132"]
[EventDate "2009.??.??"]

1. d4 d5 2. c4 c6 3. Nc3 Nf6 4. Bg5 e6 5. Nf3 Nbd7 6. e3 Qa5 7. cxd5 Nxd5 8.
Qb3 Bb4 9. Rc1 N7b6 10. e4 Nxc3 11. bxc3 Ba3 12. Rb1 O-O 13. Be2 c5 14. Bd2 Bd7
15. Bb5 c4 16. Bxc4 Nxc4 17. Qxc4 Rfc8 18. Qd3 b5 19. O-O Qa4 20. Ne5 Be8 21.
Rfe1 a6 22. Rb3 Be7 23. Qb1 f6 24. Nd3 Qc4 25. Nb2 Qc6 26. Qd3 Bf7 27. Nd1 Bg6
28. Bc1 Bf8 29. Ba3 Qc4 30. Qb1 Bxa3 31. Rxa3 e5 32. Ne3 Qc6 33. Nd5 Qxd5 34.
exd5 Bxb1 35. Rxb1 exd4 36. cxd4 Rd8 37. d6 Kf7 38. Rc1 Rxd6 39. Rc7+ Kg8 40.
Rg3 g6 41. Rh3 Rxd4 42. f4 Rc4 43. Rhxh7 Rxc7 44. Rxc7 Rd8 45. Rc2 Rd4 46. g3
Ra4 47. Kf1 Kf7 48. Ke2 Rd4 49. Kf2 b4 50. Ke3 Rd5 51. Kf3 a5 52. Kf2 a4 53.
Ke3 Rd7 54. Rb2 Rb7 55. Kd2 Ke6 56. Kd3 Kd5 57. Rc2 a3 58. Rc8 b3 59. axb3
Rxb3+ 60. Kc2 Rb2+ 61. Kc3 Rxh2 62. Rd8+ Ke4 63. Rd4+ Kf3 64. f5 a2 65. Ra4
gxf5 66. Kd3 Kxg3 0-1

[Event "Stuttgarter Stadtmeisterschaft A-Turnie"]
[Site "Ditzingen"]
[Date "2009.05.21"]
[Round "1.41"]
[White "Nabavi, Parwis"]
[Black "Schäfer, Michael"]
[Result "1-0"]
[WhiteElo "2126"]
[BlackElo "1920"]
[PlyCount "99"]
[EventDate "2009.??.??"]

1. d4 Nf6 2. c4 e6 3. Nf3 b6 4. g3 Bb7 5. Bg2 Bb4+ 6. Bd2 Bxd2+ 7. Qxd2 O-O 8.
Nc3 d5 9. Ne5 Nc6 10. f4 Nxe5 11. dxe5 Ne4 12. Nxe4 dxe4 13. Qe3 Qe7 14. O-O-O
Qb4 15. Kb1 Qxc4 16. Rc1 Qa4 17. Rxc7 Bd5 18. b3 Qb4 19. Rd1 Rfc8 20. Rxc8+
Rxc8 21. Qd4 Qb5 22. Qe3 Qb4 23. Kb2 g6 24. a3 Qb5 25. Bxe4 Bxb3 26. Qxb3 Qxe2+
27. Bc2 Qxh2 28. Qd3 Kg7 29. Rd2 Qg1 30. Qd7 Qc5 31. g4 Qc3+ 32. Kb1 Rc5 33.
Qd3 Qa5 34. Rh2 Rc3 35. Qd8 Qb5+ 36. Ka2 Qc4+ 37. Kb2 h6 38. Qf6+ Kg8 39. f5
Rf3 40. Qd8+ Kh7 41. fxg6+ fxg6 42. Qe7+ Kg8 43. Qe8+ Kg7 44. Qxg6+ Kf8 45.
Qxh6+ Ke7 46. Qh7+ Rf7 47. Qd3 Qc5 48. Qc3 Rg7 49. Qxc5+ bxc5 50. Rh7 1-0

[Event "Stuttgarter Stadtmeisterschaft A-Turnie"]
[Site "Ditzingen"]
[Date "2009.05.21"]
[Round "1.42"]
[White "Stitterich, Nadine"]
[Black "Lange, Jan-David"]
[Result "1/2-1/2"]
[WhiteElo "1918"]
[BlackElo "2122"]
[PlyCount "84"]
[EventDate "2009.??.??"]

1. e4 c5 2. Nf3 Nc6 3. d4 cxd4 4. Nxd4 Nf6 5. Nc3 d6 6. Be2 e5 7. Nb3 Be6 8.
O-O Be7 9. Kh1 d5 10. exd5 Nxd5 11. Ne4 O-O 12. Nec5 Bc8 13. Bf3 Nc7 14. c3 f5
15. Bxc6 bxc6 16. Qe2 Bf6 17. f4 e4 18. Qc4+ Qd5 19. Qe2 a5 20. Rd1 Qf7 21. Be3
Nd5 22. Nd4 Nxe3 23. Qxe3 Bxd4 24. Rxd4 Be6 25. b3 Rfd8 26. Rad1 Rxd4 27. Qxd4
Qe7 28. Qe5 Re8 29. Rd6 Qh4 30. Qd4 Bf7 31. g3 Qg4 32. Rd8 Qf3+ 33. Kg1 e3 34.
Rxe8+ Bxe8 35. Qc4+ Bf7 36. Qf1 Qd5 37. Nd3 Qe4 38. Ne1 a4 39. Qd3 Qxd3 40.
Nxd3 axb3 41. axb3 Bxb3 42. Kf1 Bc4 1/2-1/2

[Event "Stuttgarter Stadtmeisterschaft A-Turnie"]
[Site "Ditzingen"]
[Date "2009.05.21"]
[Round "1.43"]
[White "Meyner, Hannes"]
[Black "Rudhart, Michael"]
[Result "0-1"]
[WhiteElo "2122"]
[BlackElo "1908"]
[PlyCount "82"]
[EventDate "2009.??.??"]

1. d4 d5 2. c4 e6 3. Nc3 Nf6 4. cxd5 exd5 5. Bg5 c6 6. e3 Bf5 7. Qf3 Bg6 8.
Bxf6 Qxf6 9. Qxf6 gxf6 10. Rc1 Nd7 11. Nge2 Bd6 12. Kd2 Nb6 13. Ng3 Kd7 14. Bd3
Rae8 15. Nf5 Nc4+ 16. Kc2 Bf8 17. Ne2 Nd6 18. Nxd6 Bxd6 19. Ng3 c5 20. dxc5
Bxc5 21. Bf5+ Kd6 22. Kd3 Bb6 23. Rhe1 Ke5 24. f4+ Kd6 25. Re2 h5 26. h4 Rhg8
27. e4 Bh7 28. Nxh5 Bxf5 29. exf5 Rxe2 30. Kxe2 Rxg2+ 31. Kd3 Rh2 32. Nxf6 Rxh4
33. Rc8 Rxf4 34. Rb8 Rxf5 35. Ng4 Rf3+ 36. Ke2 Rg3 37. Nf6 Rg2+ 38. Kd3 Rxb2
39. Rxb7 Rxa2 40. Rxf7 Ke6 41. Rf8 Ke7 0-1

[Event "Stuttgarter Stadtmeisterschaft A-Turnie"]
[Site "Ditzingen"]
[Date "2009.05.21"]
[Round "1.44"]
[White "Boyens, Birger"]
[Black "Imhof, Thomas"]
[Result "0-1"]
[WhiteElo "1908"]
[BlackElo "2120"]
[PlyCount "102"]
[EventDate "2009.??.??"]

1. e4 c5 2. Nf3 d6 3. d4 cxd4 4. Nxd4 Nf6 5. Nc3 Nc6 6. Be2 e5 7. Nb3 Be7 8.
Be3 O-O 9. O-O a6 10. a4 Be6 11. Nd2 d5 12. exd5 Nxd5 13. Nxd5 Bxd5 14. Nc4 Be6
15. Qxd8 Raxd8 16. c3 f5 17. Bb6 Rd5 18. Rfd1 Kf7 19. b4 Bf6 20. Nd6+ Kg6 21.
Nxb7 e4 22. b5 axb5 23. a5 Bxc3 24. Rxd5 Bxd5 25. Rd1 Ne7 26. a6 Rf6 27. Bd8
Rxa6 28. Nc5 Ra2 29. Bxb5 Ra5 30. Be8+ Kf6 31. Nd7+ Ke6 32. Nf8+ Kd6 33. Bxa5
Bxa5 34. Nxh7 Ke6 35. Ng5+ Kf6 36. h4 e3 37. fxe3 Bb6 38. Nh7+ Ke5 39. Kf2 f4
40. Re1 Nf5 41. Bb5 Bxe3+ 42. Rxe3+ fxe3+ 43. Ke2 Kf4 44. Bd7 Nd4+ 45. Kd3 Be4+
46. Kc3 Bxh7 47. Be8 e2 48. Kd2 Kg3 49. Ke1 Bd3 50. Ba4 Kxg2 51. h5 Nf3# 0-1

[Event "Stuttgarter Stadtmeisterschaft A-Turnie"]
[Site "Ditzingen"]
[Date "2009.05.21"]
[Round "1.45"]
[White "Nagelsdiek, Michael"]
[Black "Feller, Florian"]
[Result "1-0"]
[WhiteElo "2120"]
[BlackElo "1836"]
[PlyCount "65"]
[EventDate "2009.??.??"]

1. d4 Nf6 2. Nf3 e6 3. Bf4 b6 4. e3 Bb7 5. Nbd2 d5 6. Bd3 Nbd7 7. O-O Be7 8.
Ne5 Nxe5 9. Bxe5 O-O 10. c3 c5 11. Qe2 Rc8 12. Rad1 h6 13. h3 Qe8 14. Bb1 Qc6
15. Qd3 g6 16. h4 Kh7 17. f3 Qe8 18. Kf2 Nd7 19. h5 f5 20. hxg6+ Qxg6 21. g4
Nxe5 22. dxe5 c4 23. Qc2 Bc5 24. Rg1 Qg5 25. Nf1 Qh4+ 26. Ng3 Kg8 27. Rg2 Rc7
28. gxf5 Kf7 29. f6 Ke8 30. Qg6+ Kd8 31. Rh1 Qg5 32. Qxg5 hxg5 33. Ne2 1-0

[Event "Stuttgarter Stadtmeisterschaft A-Turnie"]
[Site "Ditzingen"]
[Date "2009.05.21"]
[Round "1.46"]
[White "Reder, Erik"]
[Black "Fink, Leander"]
[Result "1/2-1/2"]
[WhiteElo "1901"]
[BlackElo "2116"]
[PlyCount "43"]
[EventDate "2009.??.??"]

1. c4 Nf6 2. g3 g6 3. Bg2 Bg7 4. Nc3 O-O 5. e4 d6 6. Nge2 Nfd7 7. O-O e6 8. d3
c5 9. Be3 h6 10. a3 Nc6 11. Rb1 Nd4 12. b4 Rb8 13. bxc5 dxc5 14. Bxd4 cxd4 15.
Nb5 a6 16. Nbxd4 e5 17. Nc2 a5 18. Ne3 Nc5 19. Nd5 Bd7 20. f4 exf4 21. Rxf4 b5
22. d4 1/2-1/2

[Event "Stuttgarter Stadtmeisterschaft A-Turnie"]
[Site "Ditzingen"]
[Date "2009.05.21"]
[Round "1.47"]
[White "Braun, Joachim"]
[Black "Leroy, Patrick"]
[Result "1-0"]
[WhiteElo "2114"]
[BlackElo "1900"]
[PlyCount "59"]
[EventDate "2009.??.??"]

1. e4 g6 2. d4 Bg7 3. Nc3 d6 4. Be3 Nf6 5. f3 O-O 6. Qd2 Nbd7 7. O-O-O a6 8.
Bh6 b5 9. h4 e5 10. d5 Nc5 11. Bxg7 Kxg7 12. g4 h5 13. g5 Nfd7 14. Bd3 b4 15.
Nce2 a5 16. f4 exf4 17. Nxf4 Ne5 18. Nge2 Bg4 19. Rhf1 Nf3 20. Rxf3 Bxf3 21.
Qe3 Nxd3+ 22. Nxd3 Bxe2 23. Qxe2 f6 24. Nf4 Re8 25. Rg1 Kh7 26. Nxh5 fxg5 27.
hxg5 gxh5 28. Qxh5+ Kg8 29. Qg6+ Kf8 30. Rf1+ 1-0

[Event "Stuttgarter Stadtmeisterschaft A-Turnie"]
[Site "Ditzingen"]
[Date "2009.05.21"]
[Round "1.48"]
[White "Schmitz, Stefan"]
[Black "Scheeff, Volker"]
[Result "0-1"]
[WhiteElo "1891"]
[BlackElo "2111"]
[PlyCount "40"]
[EventDate "2009.??.??"]

1. e4 e6 2. d4 d5 3. Nc3 Bb4 4. e5 c5 5. Qg4 Ne7 6. a3 Bxc3+ 7. bxc3 cxd4 8.
cxd4 Qc7 9. Bd2 O-O 10. Bd3 b6 11. h4 Ba6 12. Bh6 Qc3+ 13. Ke2 Qxc2+ 14. Ke1
Qc3+ 15. Bd2 Qxa1+ 16. Ke2 Bxd3+ 17. Kxd3 Qb1+ 18. Ke3 Nf5+ 19. Kf3 Qd1+ 20.
Kf4 Qxd2+ 0-1

[Event "Stuttgarter Stadtmeisterschaft A-Turnie"]
[Site "Ditzingen"]
[Date "2009.05.21"]
[Round "1.49"]
[White "Bräunlin, Klaus"]
[Black "Zimmermann, Ulrich"]
[Result "0-1"]
[WhiteElo "2109"]
[BlackElo "1891"]
[PlyCount "118"]
[EventDate "2009.??.??"]

1. e4 Nf6 2. e5 Nd5 3. d4 d6 4. c4 Nb6 5. exd6 exd6 6. Nc3 Be7 7. Be2 O-O 8.
Nf3 Bg4 9. O-O Nc6 10. b3 Bf6 11. Be3 Re8 12. Qd2 d5 13. c5 Nc8 14. h3 Be6 15.
a3 N8e7 16. b4 Nf5 17. Bd3 g6 18. Bc2 Bg7 19. Rad1 Nxe3 20. fxe3 Bh6 21. Rfe1
Ne7 22. g4 c6 23. Qg2 f5 24. g5 Bg7 25. Ne2 Nc8 26. Nf4 Bf7 27. h4 Re7 28. Nd3
a5 29. Nde5 Na7 30. Bd3 b6 31. Rb1 Rb8 32. Rec1 axb4 33. axb4 Be8 34. Ra1 bxc5
35. bxc5 Nb5 36. Ra6 Qc8 37. Qa2 Reb7 38. Qa5 Bxe5 39. Nxe5 f4 40. Qe1 Qh3 41.
exf4 Nxd4 42. Rb6 Rxb6 43. cxb6 Nf3+ 44. Nxf3 Qxf3 45. Bf1 Qxf4 46. Bg2 Qd4+
47. Kh1 Qxb6 48. Qe5 Bf7 49. Rf1 Rf8 50. Qe7 Qd4 51. Qe1 Re8 52. Qg3 Qe5 53.
Qf3 Be6 54. Qf2 Bf5 55. h5 Qe3 56. hxg6 hxg6 57. Qh4 Re7 58. Rxf5 gxf5 59. g6
Qe1+ 0-1

[Event "Stuttgarter Stadtmeisterschaft A-Turnie"]
[Site "Ditzingen"]
[Date "2009.05.21"]
[Round "1.50"]
[White "von Schwerin, Clemens"]
[Black "König, Dirk"]
[Result "0-1"]
[WhiteElo "1886"]
[BlackElo "2108"]
[PlyCount "70"]
[EventDate "2009.??.??"]

1. d4 d6 2. c4 g6 3. Nf3 Nf6 4. Nc3 Bg7 5. Bg5 O-O 6. e3 c5 7. d5 Na6 8. Be2
Bf5 9. Nd2 h6 10. Bh4 Qb6 11. e4 Qxb2 12. Na4 Qd4 13. exf5 Qxh4 14. Rb1 gxf5
15. Rxb7 Ng4 16. Bxg4 fxg4 17. O-O Rfb8 18. Rb3 Rb4 19. Nc3 Qg5 20. Nb5 h5 21.
Ra3 Rb2 22. Rxa6 Rxd2 23. Qb3 Rb2 24. Qe3 Qxe3 25. fxe3 Rc2 26. Rb1 Rxc4 27.
Nc7 Rc8 28. Rxa7 Rc3 29. a4 Rxe3 30. a5 c4 31. Rab7 Bd4 32. Kf1 Rb3 33. R1xb3
cxb3 34. Nb5 b2 35. Na3 Rc3 0-1

[Event "Stuttgarter Stadtmeisterschaft A-Turnie"]
[Site "Ditzingen"]
[Date "2009.05.21"]
[Round "1.51"]
[White "Jurasin, Marin"]
[Black "Nusser, Jens"]
[Result "1/2-1/2"]
[WhiteElo "2105"]
[BlackElo "1875"]
[PlyCount "108"]
[EventDate "2009.??.??"]

1. Nf3 Nf6 2. d4 g6 3. c4 Bg7 4. Nc3 d5 5. e3 O-O 6. Bd2 c6 7. Bd3 Bg4 8. h3
Bxf3 9. Qxf3 e6 10. O-O Nbd7 11. cxd5 Nxd5 12. Rfd1 N7b6 13. Ne2 f5 14. b4 a6
15. a4 e5 16. dxe5 Bxe5 17. Nd4 Qf6 18. a5 Nc8 19. Bc4 Nce7 20. Rac1 Kh8 21.
Nb3 Rfd8 22. Nc5 Rab8 23. e4 fxe4 24. Qxe4 Qf5 25. Qxf5 Nxf5 26. Bg5 Rd6 27. g4
Nd4 28. Kg2 Bf4 29. Rxd4 Bxg5 30. Rcd1 Bf6 31. R4d2 Bg5 32. Ne4 Bxd2 33. Nxd6
Bxb4 34. Bxd5 Bxd6 35. Bxc6 Bb4 36. Be4 Bxa5 37. Rd7 b5 38. Ra7 Rb6 39. Bb7 Rf6
40. Ra8+ Kg7 41. Bxa6 Bb6 42. f3 b4 43. Bc4 Rf8 44. Ra4 Bc5 45. Ra5 Rc8 46. Bb3
Bd4 47. Rb5 Bc3 48. Rb7+ Kh8 49. h4 Rf8 50. g5 Be1 51. f4 Bd2 52. Kh3 Bxf4 53.
Rxb4 Bd6 54. Rb7 Rb8 1/2-1/2

[Event "Stuttgarter Stadtmeisterschaft A-Turnie"]
[Site "Ditzingen"]
[Date "2009.05.21"]
[Round "1.52"]
[White "Bergner, Philipp"]
[Black "Pflaum, Stefan"]
[Result "0-1"]
[WhiteElo "1833"]
[BlackElo "2096"]
[PlyCount "50"]
[EventDate "2009.??.??"]

1. d4 f5 2. g3 Nf6 3. Bg2 g6 4. c4 Bg7 5. Nc3 d6 6. d5 O-O 7. Nh3 a5 8. Nf4 Na6
9. h4 Qe8 10. e3 Bd7 11. h5 Nc5 12. Bd2 Nxh5 13. Nxh5 gxh5 14. Qe2 Qg6 15.
O-O-O f4 16. e4 fxg3 17. f3 Be5 18. Bh3 Bf4 19. Bxd7 Nxd7 20. Rh3 Ne5 21. Rf1
Qg5 22. Bxf4 Rxf4 23. Kb1 Raf8 24. Nb5 Nxf3 25. Kc2 g2 0-1

[Event "Stuttgarter Stadtmeisterschaft A-Turnie"]
[Site "Ditzingen"]
[Date "2009.05.21"]
[Round "1.53"]
[White "Scherer, Holger"]
[Black "Töws, Manuel"]
[Result "1-0"]
[WhiteElo "2095"]
[BlackElo "1863"]
[PlyCount "73"]
[EventDate "2009.??.??"]

1. e4 c5 2. Nf3 d6 3. d4 cxd4 4. Nxd4 Nf6 5. Nc3 a6 6. a4 e6 7. Be3 Be7 8. Be2
Nbd7 9. O-O O-O 10. f4 Nc5 11. Bf3 Qc7 12. a5 Rb8 13. g4 b5 14. g5 Nfd7 15. Bg2
b4 16. Nce2 Bb7 17. Ng3 Rfc8 18. f5 e5 19. Nde2 g6 20. h4 Nf8 21. h5 Bd8 22.
Qd2 Qe7 23. Rf2 Bc7 24. Raf1 Bxa5 25. fxg6 fxg6 26. Rf7 Qxf7 27. Rxf7 Kxf7 28.
Qxd6 Ncd7 29. hxg6+ hxg6 30. Bh3 Bc6 31. Nf5 Bd8 32. Nh6+ Kg7 33. Bxd7 Bxd7 34.
Qxe5+ Kh7 35. Bd4 Bf6 36. Qxf6 Ne6 37. Qf7+ 1-0